000 00488nam a2200133Ia 4500
008 100328s9999 xx 000 0 und d
082 _b45777
100 _aतासगावकर शशिकांत
245 _aघराणं तमासगिराचं
260 _bग्रंथाली अभिनव वाचक चळवळ
630 _aघराणं तमासगिराचं
730 _aघराणं तमासगिराचं
942 _cBOOK
999 _c533861
_d533858